| 000 | 00563nam a22001937a 4500 | ||
|---|---|---|---|
| 999 |
_c172339 _d172339 |
||
| 005 | 20200203115314.0 | ||
| 010 | _aB-208940 | ||
| 020 | _c100.00 | ||
| 035 | _aB-208940 | ||
| 037 | _bBPPD/Pub. | ||
| 082 | _a841 | ||
| 100 | _aشمشاد حسین | ||
| 245 |
_aاحساس / _cشمشاد حسین |
||
| 246 |
_aIhsas (Urdu) / _bby Shamshad Husain |
||
| 260 |
_aDelhi _bEducational Publishing House _c2006 ء |
||
| 270 |
_a3108, Gali Vakil Kucha Pandit, Lal Kuan _bDelhi _e110006 |
||
| 300 |
_aص _c22cm(Hb) |
||
| 942 |
_2ddc _cUR _h841 _mش م ش |
||